ARRUPE JESUIT UNIVERSITY

CORONAVIRUS -STOP THE SPREAD - CLEAN,DISINFECT,COVER

Shadow and evil in fairy tales / (Record no. 8964)

MARC details
000 -LEADER
fixed length control field 00574nam a2200229Ia 4500
003 - CONTROL NUMBER IDENTIFIER
control field 0100
005 - DATE AND TIME OF LATEST TRANSACTION
control field 20180117102641.0
008 - FIXED-LENGTH DATA ELEMENTS--GENERAL INFORMATION
fixed length control field 130303s9999 xx 000 0 und d
020 ## - INTERNATIONAL STANDARD BOOK NUMBER
International Standard Book Number 882141090
040 ## - CATALOGING SOURCE
Transcribing agency ARRUPELIB
050 ## - LIBRARY OF CONGRESS CALL NUMBER
Classification number GR550 .F72 1974
300 ## - PHYSICAL DESCRIPTION
Other physical details 22 cm
100 ## - MAIN ENTRY--PERSONAL NAME
Personal name von Franz, Marie-Louise
9 (RLIN) 38551
245 ## - TITLE STATEMENT
Title Shadow and evil in fairy tales /
260 ## - PUBLICATION, DISTRIBUTION, ETC. (IMPRINT)
Place of publication, distribution, etc Zurich
Name of publisher, distributor, etc Spring Publications
Date of publication, distribution, etc 1974
300 ## - PHYSICAL DESCRIPTION
Extent 284 p.
440 ## - SERIES STATEMENT/ADDED ENTRY--TITLE
Title Seminar series , 9
9 (RLIN) 38552
650 ## - SUBJECT ADDED ENTRY--TOPICAL TERM
Topical term or geographic name as entry element Fairy tales
General subdivision History and criticism
9 (RLIN) 38553
650 ## - SUBJECT ADDED ENTRY--TOPICAL TERM
Topical term or geographic name as entry element Folklore
General subdivision Methodology
9 (RLIN) 38554
650 ## - SUBJECT ADDED ENTRY--TOPICAL TERM
Topical term or geographic name as entry element Symbolism in fairy tales
9 (RLIN) 38555
700 ## - ADDED ENTRY--PERSONAL NAME
Personal name Marie-Lousie von Franz
9 (RLIN) 38556
942 00 - ADDED ENTRY ELEMENTS (KOHA)
Koha issues (borrowed), all copies 1
Source of classification or shelving scheme Library of Congress Classification
Koha item type Monograph ( Printed materials)
Holdings
Withdrawn status Lost status Source of classification or shelving scheme Damaged status Not for loan Collection code Home library Current library Shelving location Date acquired Total Checkouts Full call number Barcode Date last seen Date checked out Copy number Price effective from Koha item type
    Library of Congress Classification     Main Collection ARRUPE LIBRARY ARRUPE LIBRARY   04/03/2013 1 GR550 .F72 1974 46003039279 10/04/2018 02/03/2015 1 04/03/2013 Monograph ( Printed materials)

 

Arrupe Library. PO Box MP320 Mt Pleasant, Harare, Zimbabwe
263 242 745411|librarian@aju.ac.zw